Normal view MARC view

Entry Personal Name

Number of records used in: 1

001 - CONTROL NUMBER

  • control field: 162256

003 - CONTROL NUMBER IDENTIFIER

  • control field: OSt

005 - DATE AND TIME OF LATEST TRANSACTION

  • control field: 20220923212147.0

008 - FIXED-LENGTH DATA ELEMENTS

  • fixed length control field: 220923|| aca||aabn | a|a d

040 ## - CATALOGING SOURCE

  • Original cataloging agency: OSt
  • Transcribing agency: OSt

100 ## - HEADING--PERSONAL NAME

  • Personal name: बार्नबी, कैनेथ सी 0

670 ## - SOURCE DATA FOUND

  • Source citation: Work cat.: (OSt)306922: बार्नबी, कैनेथ सी 0, मूल नौ शिल्प विद्या, बनवारी लालशर्मा अनु , 1969
Copyright @ Delhi University Library System